00411nam a2200145Ia 4500003000400000008004100004040001600045082001300061100001700074245006100091260005100152300001000203650001700213650003500230GCL140319s9999 xx 000 0 eng d aGCL / cGCL04a938bS E1 aSACKS, DAVID10aENCYCLOPEDIA OF THE ANCIENT GREEK WORLD / cSACKS, DAVID a[S.N] : bFACTS ON FILE PUBLICATIONS ، c1995 a306 P04aDICTIONARIES04aGREECE, CIVILIZATION TO 146 BC